Degrees Of Heath Ledger Quiz Stats

 Plays Quiz not verified by Sporcle

Challenge
Share
Tweet
Embed
Score 0/18 Timer 05:00
0 Plays Today
Movie Actors/Actresses % Correct
The Dark KnightChristian Bale, Gary Oldman, Aaron Eckhart, Michael Caine, Morgan Freeman & Maggie Gyllenhaal
98.7%
Brokeback MountainJake Gyllenhaal, Michelle Williams, Anne Hathaway & Randy Quaid
94.7%
10 Things I Hate About YouJulia Stiles, Joseph Gordon-Levitt, Larisa Oleynik & Andrew Keegan
88%
The PatriotMel Gibson, Jason Isaacs, Chris Cooper & Joely Richardson
87.3%
Monster's BallBilly Bob Thornton, Halle Berry, Peter Boyle, Sean Combs & Mos Def
84%
I'm Not ThereChristian Bale, Cate Blanchett, Richard Gere, Marcus Carl Franklin & Ben Whishaw
82.7%
The Brothers GrimmMatt Damon, Peter Stormare, Lena Headey & Jonathan Pryce
79.3%
The Imaginarium Of Doctor ParnassusChristopher Plummer, Andrew Garfield, Lily Cole & Verne Troyer
77.3%
A Knight's TalePaul Bettany, Rufus Sewell, Shannyn Sossamon, Mark Addy, Alan Tudyk & Bérénice Bejo
47.3%
Movie Actors/Actresses % Correct
Ned KellyOrlando Bloom, Geoffrey Rush & Naomi Watts
40.7%
The Four FeathersWes Bentley, Kate Hudson & Djimon Hounsou
28.7%
CasanovaSienna Miller, Jeremy Irons & Oliver Platt
28%
Lords Of DogtownEmile Hirsch, John Robinson, Victor Rasuk, Michael Angarano & Nikki Reed
27.3%
The OrderShannyn Sossamon, Mark Addy, Benno Fürmann & Peter Weller
20.7%
CandyAbbie Cornish & Geoffrey Rush
18%
Two HandsRose Byrne, Bryan Brown & David Field
7.3%
PawsBilly Connolly, Nathan Cavaleri, Emilie François & Sandy Gore
2%
BlackrockLaurence Bruels, Jessica Napier, Simon Lyndon & Rebecca Smart
1.3%

You're not logged in!

Compare scores with friends on all Sporcle quizzes.
OR
Log In

You Might Also Like...

Show Comments

Extras

Top Quizzes Today


Score Distribution

Your Account Isn't Verified!

In order to create a playlist on Sporcle, you need to verify the email address you used during registration. Go to your Sporcle Settings to finish the process.

Report this User

Report this user for behavior that violates our Community Guidelines.

Details: